¿Qué es el cine?

保存先:
書誌詳細
第一著者: Bazin, André (autor)
その他の著者: López Muñoz, José Luis (versión española)
フォーマット: 図書
言語:スペイン語
出版事項: Madrid, España: Rialp, 2012.
版:Novena edición.
シリーズ:Libros de Cine.
主題:
タグ: タグ追加
タグなし, このレコードへの初めてのタグを付けませんか!

MARC

LEADER 00000nam a2200000 a 4500
001 UCW0225
003 CL-VaPUC
005 20250407202440.0
008 911128t20120000SP |||||||||||||||||spa|d
999 |c 447202  |d 447200 
020 |a 978-84-321-1147-1 
040 |c Pontificia Universidad Católica de Valparaíso 
082 0 4 |a 791.4309 BAZ 2012  |2 21 
100 |a Bazin, André  |e autor  |9 594214 
245 1 0 |a ¿Qué es el cine? 
250 |a Novena edición.  
260 |a Madrid, España:  |b Rialp,  |c 2012. 
300 |a 395 páginas:  |b fotografías. 
490 0 |a Libros de Cine. 
500 |a c.1-c.3. Instituto Arcos.08-01-2025. 
583 |a last modification  |c 19911128 00:00:00  |k Gabriela Rodríguez Cuevas 
650 0 |a Historia del cine  |9 265166 
650 0 |a Cinematografía  |9 265198  |x Estética  
650 0 |a Guiones cinematográficos   |9 266811  |x Historia y crítica 
700 |9 896525  |a López Muñoz, José Luis  |e versión española 
942 |c BK  |2 ddc  |n 0 
945 |d 19911128 00:00:00 
952 |0 0  |1 0  |2 ddc  |4 0  |6 791_430900000000000_BAZ_2012  |7 0  |8 A  |9 600874  |a BIBINC  |b BIBINC  |d 2025-03-10  |e Instituto Arcos  |i 5665720  |o 791.4309 BAZ 2012  |p 5665720  |r 2025-03-10  |t 1  |w 2025-03-10  |y BK  |k IFP 
952 |0 0  |1 0  |2 ddc  |4 0  |6 791_430900000000000_BAZ_2012  |7 0  |8 A  |9 601504  |a BIBINC  |b BIBINC  |d 2025-03-19  |e Instituto Arcos  |i 5666346  |o 791.4309 BAZ 2012  |p 5666346  |r 2025-03-19  |t 2  |w 2025-03-19  |y BK  |k IFP 
952 |0 0  |1 0  |2 ddc  |4 0  |6 791_430900000000000_BAZ_2012  |7 0  |8 A  |9 601515  |a BIBINC  |b BIBINC  |d 2025-03-19  |e Instituto Arcos  |i 5666401  |l 1  |o 791.4309 BAZ 2012  |p 5666401  |r 2025-04-23  |s 2025-04-16  |t 3  |w 2025-03-19  |y BK  |k IFP